• 首页
  • 本馆介绍
  • 公告通知
  • 最新文献
  • 馆藏检索
  • 电子资源
  • 读者导购
  • 参考咨询
  • 我的图书馆
  • 登录
  • 详细信息显示
  • 放入我的书架
  • 预约/预借图书
  • 作者相关作品
  • 分类相关作品
  • 丛书相关作品
  • 出版社相关作品

书目信息

  • 表格格式
  • 工作单格式
  • 卡片格式
题名:
国外公害概况
    
 
作者: ;中国科学技术情报研究所 编
分册:  
出版信息: 北京   人民出版社  1975
页数: 369页
开本: 20cm
丛书名:
单 册:
中图分类: X-11
科图分类:
主题词: 环境污染--概况--外国
电子资源:
ISBN:
000 00650nam0 2200229 45
001 0175002461
005 20060815105623.10
010    @dCNY1.20
091    @a3001.1439
100    @a19951019d1975 em y0chiy0121 ea
101 0  @achi
102    @aCN@b110000
105    @ay z 000yy
200 10 @a国外公害概况@Aguo wai gong hai gai kuang@f中国科学技术情报研究所编
210    @a北京@c人民出版社@d1975
215    @a369页@d20cm
606    @a环境污染@x概况@y外国
690    @aX-11@v3
711 02 @a中国科学技术情报研究所@Azhong guo ke xue ji shu qing bao yan jiu suo@4编
801  2 @aCN@bNLC@c20060815
801  0 @aCN@bTSSF
905    @a10447@dX-11@e77
    
    国外公害概况/中国科学技术情报研究所编.-北京:人民出版社,1975
    369页;20cm
    
    
    ISBN :CNY1.20
    
●
相关链接 在E读中查询图书 在五车中查询图书 在当当中查询图书 在豆瓣中查询图书


正题名:国外公害概况     索取号:X-11/77         预约/预借

序号 登录号 条形码 馆藏地/架位号 状态 备注
1 0458467   204584672   密集书库/ [索取号:X-11/77] 在馆    
唐山师范学院图书馆 欢迎您!
大连网信软件有限公司© 版权所有